Oxford textbook of medicine / (Record no. 8285)
[ view plain ]
| 000 -LEADER | |
|---|---|
| fixed length control field | 01367pam a2200361 a 4500 |
| 001 - CONTROL NUMBER | |
| control field | 4452390 |
| 003 - CONTROL NUMBER IDENTIFIER | |
| control field | OSt |
| 005 - DATE AND TIME OF LATEST TRANSACTION | |
| control field | 20240325155533.0 |
| 008 - FIXED-LENGTH DATA ELEMENTS--GENERAL INFORMATION | |
| fixed length control field | 950609s1996 enka b 001 0 eng c |
| 010 ## - LIBRARY OF CONGRESS CONTROL NUMBER | |
| LC control number | 95030733 |
| 020 ## - INTERNATIONAL STANDARD BOOK NUMBER | |
| International Standard Book Number | 0192621408 (set : hbk) |
| 020 ## - INTERNATIONAL STANDARD BOOK NUMBER | |
| International Standard Book Number | 0192627066 (v. 1) |
| 020 ## - INTERNATIONAL STANDARD BOOK NUMBER | |
| International Standard Book Number | 0192627074 (v. 2) |
| 020 ## - INTERNATIONAL STANDARD BOOK NUMBER | |
| International Standard Book Number | 0192627082 (v. 3) |
| 040 ## - CATALOGING SOURCE | |
| Original cataloging agency | DNLM/DLC |
| Transcribing agency | DLC |
| Modifying agency | DLC |
| 050 00 - LIBRARY OF CONGRESS CALL NUMBER | |
| Classification number | RC46 |
| Item number | .O995 1996 |
| 082 00 - DEWEY DECIMAL CLASSIFICATION NUMBER | |
| Classification number | WB 100 O2d 1996 |
| Edition number | 20 |
| 245 00 - TITLE STATEMENT | |
| Title | Oxford textbook of medicine / |
| Statement of responsibility, etc. | edited by D.J. Weatherall, J.G.G. Ledingham, D.A. Warrell. |
| 250 ## - EDITION STATEMENT | |
| Edition statement | 3rd ed. |
| 260 ## - PUBLICATION, DISTRIBUTION, ETC. (IMPRINT) | |
| Place of publication, distribution, etc. | Oxford ; |
| -- | New York : |
| Name of publisher, distributor, etc. | Oxford University Press, |
| Date of publication, distribution, etc. | 1996. |
| 300 ## - PHYSICAL DESCRIPTION | |
| Extent | 3 v. (xlvii, 4376, 170 p.) : |
| Other physical details | ill. (some col.) ; |
| Dimensions | 29 cm. |
| 504 ## - BIBLIOGRAPHY, ETC. NOTE | |
| Bibliography, etc | Includes bibliographical references and index. |
| 650 #0 - SUBJECT ADDED ENTRY--TOPICAL TERM | |
| Topical term or geographic name as entry element | Internal medicine. |
| 9 (RLIN) | 849 |
| 650 12 - SUBJECT ADDED ENTRY--TOPICAL TERM | |
| Topical term or geographic name as entry element | Medicine. |
| 9 (RLIN) | 324 |
| 700 1# - ADDED ENTRY--PERSONAL NAME | |
| Personal name | Weatherall, D. J. |
| 9 (RLIN) | 16933 |
| 700 1# - ADDED ENTRY--PERSONAL NAME | |
| Personal name | Ledingham, J. G. G. |
| 9 (RLIN) | 16934 |
| 700 1# - ADDED ENTRY--PERSONAL NAME | |
| Personal name | Warrell, D. A. |
| 9 (RLIN) | 16935 |
| 856 42 - ELECTRONIC LOCATION AND ACCESS | |
| Materials specified | Publisher description |
| Uniform Resource Identifier | http://www.loc.gov/catdir/enhancements/fy0637/95030733-d.html |
| 856 41 - ELECTRONIC LOCATION AND ACCESS | |
| Materials specified | Table of contents only |
| Uniform Resource Identifier | http://www.loc.gov/catdir/enhancements/fy0637/95030733-t.html |
| 906 ## - LOCAL DATA ELEMENT F, LDF (RLIN) | |
| a | 7 |
| b | cbc |
| c | orignew |
| d | 1 |
| e | ocip |
| f | 19 |
| g | y-gencatlg |
| 942 ## - ADDED ENTRY ELEMENTS (KOHA) | |
| Source of classification or shelving scheme | Other/Generic Classification Scheme |
| Koha item type | Open Shelf |
| Withdrawn status | Lost status | Source of classification or shelving scheme | Damaged status | Not for loan | Home library | Current library | Date acquired | Source of acquisition | Inventory number | Total Checkouts | Full call number | Barcode | Date last seen | Price effective from | Koha item type |
|---|---|---|---|---|---|---|---|---|---|---|---|---|---|---|---|
| Other/Generic Classification Scheme | MUST Main Library | MUST Main Library | 25/03/2024 | Purchase | 11/34623 | WB 100 O2d 1996 | 2024-0105 | 25/03/2024 | 25/03/2024 | Open Shelf | |||||
| Other/Generic Classification Scheme | MUST Main Library | MUST Main Library | 25/03/2024 | Purchase | 11/34625 | WB 100 O2d 1996 | 2024-0106 | 25/03/2024 | 25/03/2024 | Open Shelf | |||||
| Other/Generic Classification Scheme | MUST Main Library | MUST Main Library | 25/03/2024 | Purchase | 11/34624 | WB 100 O2d 1996 | 2024-0107 | 25/03/2024 | 25/03/2024 | Open Shelf |
